00551nam a22001817a 450000500170000001000150001702000260003203500130005803700130007108200100008410000220009424500590011626000350017527000680021030000340027850000500031270000070036220130618115232.0 aENG-107366 a9788120347038c495.00 aEN-90899 bDBAD/PUB a581.2 aRavichandra, N.G. aFundamentals of plant pathology /cby N.G. Ravichandra aNew DelhibPHI Learning c2013 aRimjhim House, 111, Patparganj Industrial EstatebDelhie110092 axxiv,639p. :c24cm(pbk)bill. aIncludes bibliographical references and index a